Sports Quiz

Random Sports or NFL Quiz

2004 NFL QB Alma Maters Quiz Stats

Quiz not verified by Sporcle

Challenge
Share
Tweet
Embed
Score 0/76 Timer 10:00
0 Plays Today
% Correct
Purdue
96%
Michigan
91.2%
Mississippi
88.8%
Tennessee
88.8%
Syracuse
88.8%
Southern California
88.8%
Miami (Ohio)
88.8%
Virginia Tech
88%
North Carolina State
86.4%
Southern Mississippi
85.6%
Marshall
85.6%
Michigan
85.6%
Fresno State
84.8%
Miami (Florida)
84%
Washington State
83.2%
Pennsylvania State
83.2%
Michigan
82.4%
Central Florida
81.6%
Boston College
81.6%
Alcorn State
79.2%
Arizona State
79.2%
Miami (Florida)
79.2%
Northern Iowa
78.4%
Marshall
77.6%
Boston College
76.8%
Texas
76.8%
California
69.6%
Oregon
69.6%
Ohio State
68%
Michigan
64.8%
Florida
63.2%
West Virginia
62.4%
Washington
61.6%
Florida
61.6%
Virginia
60%
Wisconsin
60%
Boston College
59.2%
East Carolina
58.4%
% Correct
Fresno State
58.4%
Indiana
58.4%
Georgia
57.6%
Tulane
57.6%
Florida
56.8%
Virginia
56%
Indiana
56%
Tulane
54.4%
East Carolina
52.8%
Louisiana-Lafayette
51.2%
Florida State
51.2%
Oregon
50.4%
Tulane
50.4%
California-Los Angeles
50.4%
Central Washington
49.6%
Wisconsin
47.2%
Michigan
47.2%
San Jose State
47.2%
Dartmouth
45.6%
Delaware
45.6%
Michigan State
44.8%
Colorado
44.8%
Louisiana Tech
44%
Louisiana State
42.4%
Washington
40.8%
Louisiana Tech
40%
Rutgers
39.2%
Fresno State
36%
Louisiana State
34.4%
Washington
32%
Stanford
32%
Iowa State
30.4%
Sam Houston State
28.8%
Tulsa
24.8%
Middle Tennessee State
22.4%
Middle Tennessee State
17.6%
Weber State
12%
Louisiana-Monroe
8.8%

You're not logged in!

Compare scores with friends on all Sporcle quizzes.
Join for Free
OR
Log In

You Might Also Like...

Show Comments

Extras

Top Quizzes Today


Score Distribution

Your Account Isn't Verified!

In order to create a playlist on Sporcle, you need to verify the email address you used during registration. Go to your Sporcle Settings to finish the process.

Report this User

Report this user for behavior that violates our Community Guidelines.

Details: